000 00720nam a2200241 a 4500
001 70619
003 BD-RjUL
005 20211209082024.0
008 500101s1977 nyua b 001 0 eng d
020 _a0195020952
035 _a(BD-RjUL) 70833
040 _aBD-RjUL
_beng
_cBD-RjUL
_dBD-RjUL
041 _aeng
082 _223
_a541.395
_bPIK 1977
100 1 _aPiszkiewicz, Dennis.
_9209025
245 1 0 _aKinetics of chemical and enzyme-catalyzed reactions /
_cDennis Piszkiewicz
260 _aNew York :
_bOxford University Press,
_c1977
300 _aix, 235 p. :
_bill. ;
_c21 cm.
504 _aIncludes bibliographies and indexes
650 0 _aCatalysis
_9209026
650 0 _aEnzymes
_9209027
942 _2ddc
_cBK
999 _c70619
_d70619